| 000 | 00731cam a2200229 4500 | ||
|---|---|---|---|
| 001 | ABS64462 | ||
| 008 | 010830n2001 000 0 eng u | ||
| 035 | _a(Sirsi) u114388 | ||
| 245 | _aSpecial report: retail | ||
| 260 | _c2001 | ||
| 490 |
_aProperty Week _v 24 August 2001, 40-58(9) |
||
| 520 | _aSeries of articles looking at shopping centres and warehousing; service charges, niche markets, rent reviews, DIY warehousing and investment. | ||
| 590 | _aABS | ||
| 650 | _aSHOPPING CENTRES | ||
| 650 | _aRETAIL WAREHOUSING | ||
| 650 | _aSERVICE CHARGES | ||
| 650 | _aRENT REVIEWS | ||
| 650 | _aDIY MARKET | ||
| 650 | _aRETAIL WAREHOUSE MARKET | ||
| 690 | _aPROPERTY-COMMERCIAL PROPERTY-RETAIL PROPERTY | ||
| 942 | _n0 | ||
| 999 |
_c68121 _d68121 |
||